000 00653nam a2200253Ia 4500
003 OSt
005 20221006160838.0
006 a|||||r|||| 00| 0
007 ta
008 221006b |||||||| |||| 00| 0 eng d
020 _a9781530930708
024 _a46,578
037 _cTextual
040 _aEASL
_cEASL
_beng
041 _2eng
_aeng
082 _aO495,2, Q6
100 _aKANG Peter Tr.
_9675230
245 0 _aLearn Korean with K-Dramas
_b The heirs
260 _aUSA
_bLanguage Learners
_c2016
300 _a31p.
_ccm.
490 _v KEL
942 _hO495,2, Q6
_cTEXL
_2CC
999 _c1114668
_d1114668